| 000 | 01217nam a22002297a 4500 | ||
|---|---|---|---|
| 999 |
_c61812 _d61812 |
||
| 003 | Ge_BSU | ||
| 005 | 20240516151741.0 | ||
| 008 | 240516s2016 ge ||||| |||| 00| 0 geo d | ||
| 020 | _a9789994054602 | ||
| 041 | _ageo | ||
| 080 | _a821.111(73)-31 დ-79 | ||
| 100 |
_aდოქტოროუ, ედგარ ლორენს _922107 |
||
| 245 |
_aრეგტაიმი : _b[რომანი] / _cედგარ ლორენს დოქტოროუ; ინგლისურიდან თარგმნა თამარ სუხიშვილმა; რედაქტორი თამარ თითმერია; მხატვარი ნანა ჭილაძე. |
||
| 250 | _aI გამოცემა. | ||
| 264 |
_aთბილისი : _bარეტე, _c2016. |
||
| 300 |
_a304 გვ. ; _b21 სმ. |
||
| 653 | _aამერიკული პროზა | ||
| 700 |
_aსუხიშვილი, თამარ _e მთარგმნელი _915165 |
||
| 700 |
_aთითმერია, თამარ _eრედაქტორი _948 |
||
| 700 |
_aჭილაძე, ნანა _eმხატვარი _922108 |
||
| 942 |
_2udc _cᲬᲘᲒᲜᲘ |
||